Autocad 2002 :Căn bản và chuyên sâu (Căn bản)

Guardado en:
Detalles Bibliográficos
Autor principal: VN-Guide Tổng hợp và biên tập
Formato: Libro
Lenguaje:Vietnamese
Publicado: Thống Kê 2002
Materias:
Etiquetas: Agregar Etiqueta
Sin Etiquetas, Sea el primero en etiquetar este registro!
Thư viện lưu trữ: Mạng thư viện Đại học Đà Nẵng
LEADER 01016nam a2200313 a 4500
001 000002235
003 02262
005 20171229145311.0
008 171229s2002 vie
040 |a LSK 
041 0 |a VIE 
082 0 |a 006.6  |b Au-C 
100 1 |a VN-Guide Tổng hợp và biên tập 
245 0 0 |a Autocad 2002 :Căn bản và chuyên sâu (Căn bản) 
260 |b Thống Kê  |c 2002 
300 |a 572 pages  |c 24 cm. 
653 |a Autocad (Phần mềm máy tính) 
852 |a Phòng Đọc - Phòng Mượn 
901 |a 8 
927 |a Sách tham khảo 
OWN |a LSK 
AVA |a UDN50  |b LSK  |d 006.6 Au-C  |e available  |t Error 5001 Not defined in file expand_doc_bib_avail.  |f 8  |g 0  |h N  |i 2  |k 1 
999 |a From the UDN01 
AVA |a UDN50  |b LSK  |d 006.6 Au-C  |e available  |t Error 5001 Not defined in file expand_doc_bib_avail.  |f 8  |g 0  |h N  |i 2  |k 1 
TYP |a Monograph 
TYP |a Printed language 
980 |a Mạng thư viện Đại học Đà Nẵng